LDR 00978naa#a2200181#i#450# 001 RU\\bibl\121486 005 20260429050333.3 011 ## _a1994-4683 100 ## _a20230531b2023####ek#y0rusy0150####ca 102 ## _aRU 200 1# _aНАЧАЛЬНЫЙ ЭТАП СПОРТИВНОЙ ПОДГОТОВКИ ПОДРОСТКОВ С НАРУШЕНИЕМ ЗРЕНИЯ В ВЕЛОСПОРТЕ-ТАНДЕМЕ И ТРИАТЛОНЕ ПО ИНКЛЮЗИВНОЙ ПРОГРАММЕ _eЖурнальная статья 210 1# _aМосква _cНациональный государственный Университет физической культуры, спорта и здоровья им. П.Ф. Лесгафта _d2023 215 ## _a6 с. 608 ## _aЖурнальная статья _2local 675 ## _aИнструктаж. Тренировочные указания. 796.015.47 _z 700 #1 _aЯковлева _gА А 700 #1 _aРубцова _gН О 856 4# _auchzapiski.lesgaft.spb.ru _u